Statistics for U.S. States With the Longest Names

Click here to take the quiz!

General Stats

  • This quiz has been taken 52 times
  • The average score is 5 of 6

Answer Stats

State% Correct
Mississippi
89%
Pennsylvania
87%
Massachusetts
85%
Connecticut
83%
California
80%
Washington
76%

Score Distribution

Percentile by Number Answered

Percent of People with Each Score

Your Score History

You have not taken this quiz